000 00860nam a2200193 4500
999 _c7424
_d7424
020 _a0256162077
020 _a9780256162073
050 _aHD58.7
_b.L86
100 _aLussier, Robert N
245 _aHuman relations in organizations :
_ba skill-building approach
_cRobert N Lussier
250 _a3rd ed.
260 _aChicago :
_bIrwin,
_c©1996.
300 _axv, 560 pages :
_billustrations ;
_c28 cm.
500 _aIncludes index
505 _aP 1. Behaviour, human relations and performance begin with you P 2. Communication skills: the foundation of human relations P 3. Other skills influence behavior, human relations and performance P 4. Team behavior, human relations and performance P 5. Organizational challenges P 6. Personal development
650 _aOrganizational behavior.
650 _aInterpersonal relations.
942 _cBK